[Event "IMP Mezczyzn do lat 20"]
[Site "Chotowa"]
[Date "2023.10.31"]
[Round "2.8"]
[White "Stachowicz, Hubert"]
[Black "Suska, Szymon"]
[Result "1-0"]
[BlackElo "2040"]
[WhiteElo "1583"]
[LiveChessVersion "1.4.8"]

1. d4 {[%clk 1:30:57]} Nf6 {[%clk 1:30:55]} 2. c4 {[%clk 1:31:19]} e6
{[%clk 1:31:22]} 3. Nc3 {[%clk 1:31:44]} Bb4 {[%clk 1:31:48]} 4. Qc2
{[%clk 1:32:06]} O-O {[%clk 1:32:11]} 5. e3 {[%clk 1:31:45]} Nc6 {[%clk 1:32:20]}
6. Bd3 {[%clk 1:31:50]} d6 {[%clk 1:32:44]} 7. Bd2 {[%clk 1:31:40]} a5
{[%clk 1:32:41]} 8. Nge2 {[%clk 1:28:06]} e5 {[%clk 1:31:26]} 9. d5
{[%clk 1:21:52]} Nb8 {[%clk 1:30:17]} 10. Ng3 {[%clk 1:20:36]} Nbd7
{[%clk 1:28:52]} 11. O-O {[%clk 1:18:42]} Nc5 {[%clk 1:26:14]} 12. a3
{[%clk 1:13:20]} Bxc3 {[%clk 1:26:31]} 13. Bxc3 {[%clk 1:13:36]} Bd7
{[%clk 1:18:23]} 14. b3 {[%clk 0:48:27]} g6 {[%clk 1:17:35]} 15. Rae1
{[%clk 0:47:59]} b5 {[%clk 1:15:16]} 16. f4 {[%clk 0:42:22]} exf4
{[%clk 1:07:39]} 17. Rxf4 {[%clk 0:35:55]} Ng4 {[%clk 1:05:41]} 18. cxb5
{[%clk 0:16:49]} Ne5 {[%clk 1:01:25]} 19. Bc4 {[%clk 0:11:58]} f5
{[%clk 0:58:35]} 20. Ref1 {[%clk 0:09:59]} Qe7 {[%clk 0:54:58]} 21. e4
{[%clk 0:05:41]} fxe4 {[%clk 0:53:37]} 22. Rxf8+ {[%clk 0:01:49]} Rxf8
{[%clk 0:54:01]} 23. Rxf8+ {[%clk 0:02:13]} Kxf8 {[%clk 0:53:18]} 24. Qf2+
{[%clk 0:01:07]} Ke8 {[%clk 0:52:58]} 25. Bxa5 {[%clk 0:00:47]} h5
{[%clk 0:45:25]} 26. Bc3 {[%clk 0:00:40]} Ng4 {[%clk 0:43:28]} 27. Qd4
{[%clk 0:00:48]} Qh4 {[%clk 0:36:21]} 28. Qh8+ {[%clk 0:00:59]} Ke7
{[%clk 0:36:42]} 29. Qg7+ {[%clk 0:00:47]} Kd8 {[%clk 0:36:54]} 30. Qf8+
{[%clk 0:00:51]} Be8 {[%clk 0:37:18]} 31. Nf1 {[%clk 0:01:11]} e3
{[%clk 0:31:29]} 32. h3 {[%clk 0:01:08]} Ne4 {[%clk 0:30:59]} 33. hxg4
{[%clk 0:00:58]} Nxc3 {[%clk 0:30:59]} 34. Qf3 {[%clk 0:00:50]} hxg4
{[%clk 0:23:09]} 35. Qxe3 {[%clk 0:01:06]} Qf6 {[%clk 0:20:49]} 36. b6
{[%clk 0:01:11]} cxb6 {[%clk 0:20:39]} 37. Qxb6+ {[%clk 0:01:39]} Ke7
{[%clk 0:20:55]} 38. Qe3+ {[%clk 0:01:56]} Kf7 {[%clk 0:17:21]} 39. Qf2
{[%clk 0:01:42]} Ne4 {[%clk 0:16:42]} 40. Qxf6+ {[%clk 0:32:07]} Kxf6
{[%clk 0:46:34]} 41. Ne3 {[%clk 0:30:32]} Bd7 {[%clk 0:46:24]} 42. a4
{[%clk 0:27:56]} Ke7 {[%clk 0:41:59]} 43. a5 {[%clk 0:25:46]} Kd8
{[%clk 0:42:03]} 44. b4 {[%clk 0:24:23]} g5 {[%clk 0:40:15]} 45. Nc2
{[%clk 0:24:27]} Kc7 {[%clk 0:39:51]} 46. Nd4 {[%clk 0:24:24]} Kb7
{[%clk 0:38:55]} 47. Ne6 {[%clk 0:15:51]} g3 {[%clk 0:37:47]} 48. Bd3
{[%clk 0:12:06]} Nc3 {[%clk 0:32:22]} 49. Nxg5 {[%clk 0:10:47]} Na2
{[%clk 0:31:27]} 50. b5 {[%clk 0:10:06]} Nc3 {[%clk 0:29:48]} 51. Nf7
{[%clk 0:08:40]} Kb8 {[%clk 0:28:50]} 52. Nxd6 {[%clk 0:05:44]} Nxd5
{[%clk 0:26:54]} 53. b6 {[%clk 0:03:34]} Nb4 {[%clk 0:23:35]} 54. Bc4
{[%clk 0:02:42]} Bc6 {[%clk 0:22:49]} 55. Nf5 {[%clk 0:02:18]} Kb7
{[%clk 0:22:21]} 56. Nxg3 {[%clk 0:02:35]} Bd7 {[%clk 0:21:05]} 57. Ne4
{[%clk 0:02:38]} Kc6 {[%clk 0:21:15]} 58. Nf6 {[%clk 0:02:15]} Bc8
{[%clk 0:21:17]} 59. Be2 {[%clk 0:01:25]} Kc5 {[%clk 0:20:47]} 60. Ne4+
{[%clk 0:01:25]} Kd5 {[%clk 0:20:03]} 61. Bf3 {[%clk 0:01:31]} Na6
{[%clk 0:19:29]} 62. Nf6+ {[%clk 0:01:43]} Kc5 {[%clk 0:19:40]} 63. b7
{[%clk 0:01:35]} Be6 {[%clk 0:20:00]} 64. Be2 {[%clk 0:01:47]} Nb8
{[%clk 0:20:02]} 65. g4 {[%clk 0:01:02]} Kc6 {[%clk 0:20:07]} 66. Bf3+
{[%clk 0:01:03]} Kb5 {[%clk 0:20:19]} 67. g5 {[%clk 0:00:49]} Bf7
{[%clk 0:19:55]} 68. Bd5 {[%clk 0:00:59]} Bg6 {[%clk 0:19:16]} 69. Be6
{[%clk 0:01:17]} Ka6 {[%clk 0:17:51]} 70. Nd7 {[%clk 0:01:17]} Nxd7
{[%clk 0:16:13]} 71. Bxd7 {[%clk 0:01:36]} Kxb7 {[%clk 0:16:39]} 72. Bb5
{[%clk 0:01:59]} Kc7 {[%clk 0:16:42]} 73. Kf2 {[%clk 0:02:22]} Kd6
{[%clk 0:16:42]} 74. Kg3 {[%clk 0:02:10]} Ke5 {[%clk 0:16:36]} 75. Kg4
{[%clk 0:02:07]} Bf7 {[%clk 0:16:34]} 76. Bc6 {[%clk 0:02:26]} Be6+
{[%clk 0:16:28]} 77. Kh5 {[%clk 0:02:50]} Bc8 {[%clk 0:16:55]} 78. Kh6
{[%clk 0:02:45]} Kd6 {[%clk 0:17:09]} 79. Bb5 {[%clk 0:02:55]} Kc5
{[%clk 0:17:25]} 80. Be2 {[%clk 0:03:09]} Kc6 {[%clk 0:17:12]} 81. g6
{[%clk 0:03:30]} Be6 {[%clk 0:17:38]} 82. Kg7 {[%clk 0:03:31]} Kd6
{[%clk 0:17:37]} 83. Kf8 {[%clk 0:03:55]} Kc7 {[%clk 0:17:52]} 84. g7
{[%clk 0:04:20]} Kb7 {[%clk 0:18:17]} 85. g8=Q {[%clk 0:04:35]} Bxg8
{[%clk 0:18:41]} 86. Kxg8 {[%clk 0:04:59]} Kc7 {[%clk 0:19:06]} 87. Kf7
{[%clk 0:05:20]} Kd7 {[%clk 0:19:30]} 88. Bf3 {[%clk 0:05:15]} Kd6
{[%clk 0:19:50]} 89. Ke8 {[%clk 0:05:11]} Kc5 {[%clk 0:20:15]} 90. Be2
{[%clk 0:05:21]} Kc6 {[%clk 0:20:39]} 91. Kd8 {[%clk 0:05:44]} Kb7
{[%clk 0:21:03]} 92. Kd7 {[%clk 0:05:30]} Ka7 {[%clk 0:21:24]} 93. Kc6
{[%clk 0:05:54]} Ka8 {[%clk 0:21:48]} 94. Kb6 {[%clk 0:06:19]} Kb8
{[%clk 0:22:16]} 95. Bf3 {[%clk 0:06:41]} Kc8 {[%clk 0:22:39]} 96. a6
{[%clk 0:07:08]} 1-0

[Event "IMP Mezczyzn do lat 20"]
[Site "Chotowa"]
[Date "2023.10.31"]
[Round "2.9"]
[White "Turski, Bartlomiej"]
[Black "Stepinski, Piotr"]
[Result "1-0"]
[BlackElo "1991"]
[WhiteElo "2334"]
[LiveChessVersion "1.4.8"]

1. e4 {[%clk 1:28:12]} c6 {[%clk 1:30:42]} 2. d4 {[%clk 1:28:25]} d5
{[%clk 1:31:09]} 3. e5 {[%clk 1:28:50]} c5 {[%clk 1:31:33]} 4. dxc5
{[%clk 1:29:15]} e6 {[%clk 1:31:57]} 5. Bd3 {[%clk 1:29:41]} Nd7 {[%clk 1:32:23]}
6. Nf3 {[%clk 1:29:44]} Nxc5 {[%clk 1:32:39]} 7. Be2 {[%clk 1:29:43]} Ne7
{[%clk 1:32:07]} 8. O-O {[%clk 1:28:17]} Qc7 {[%clk 1:30:39]} 9. Bf4
{[%clk 1:23:44]} Ng6 {[%clk 1:29:37]} 10. Bg3 {[%clk 1:22:00]} Ne4
{[%clk 1:25:46]} 11. c4 {[%clk 1:16:26]} dxc4 {[%clk 1:20:48]} 12. Nbd2
{[%clk 1:15:53]} Nxg3 {[%clk 1:18:08]} 13. hxg3 {[%clk 1:16:14]} Nxe5
{[%clk 0:48:15]} 14. Nxe5 {[%clk 1:14:28]} Qxe5 {[%clk 0:48:34]} 15. Nxc4
{[%clk 1:14:41]} Qc7 {[%clk 0:48:59]} 16. Rc1 {[%clk 1:10:43]} Bd7
{[%clk 0:47:50]} 17. Qd4 {[%clk 1:03:44]} Qc5 {[%clk 0:39:38]} 18. Qf4
{[%clk 1:02:56]} g5 {[%clk 0:39:33]} 19. Qf6 {[%clk 1:02:14]} Rg8
{[%clk 0:39:32]} 20. Bh5 {[%clk 1:02:08]} Rg7 {[%clk 0:38:47]} 21. Rfd1
{[%clk 1:01:44]} Qf5 {[%clk 0:37:26]} 22. Nd6+ {[%clk 1:01:07]} Bxd6
{[%clk 0:37:51]} 23. Qxg7 {[%clk 1:01:31]} Bf8 {[%clk 0:37:48]} 24. Qxf7+ 1-0

[Event "IMP Mezczyzn do lat 20"]
[Site "Chotowa"]
[Date "2023.10.31"]
[Round "2.10"]
[White "Sowinski, Pawel"]
[Black "Pancewicz, Szymon"]
[Result "1-0"]
[BlackElo "1853"]
[WhiteElo "2322"]
[LiveChessVersion "1.4.8"]

1. e4 {[%clk 1:28:38]} e5 {[%clk 1:29:31]} 2. Nf3 {[%clk 1:29:01]} Nc6
{[%clk 1:29:53]} 3. Bb5 {[%clk 1:28:53]} Nf6 {[%clk 1:29:56]} 4. d3
{[%clk 1:29:11]} Bc5 {[%clk 1:29:37]} 5. Bxc6 {[%clk 1:29:32]} dxc6
{[%clk 1:29:45]} 6. Qe2 {[%clk 1:29:57]} Qe7 {[%clk 1:28:29]} 7. h3
{[%clk 1:30:00]} Nd7 {[%clk 1:25:02]} 8. Nbd2 {[%clk 1:29:50]} f6
{[%clk 1:24:01]} 9. a3 {[%clk 1:29:13]} a5 {[%clk 1:22:30]} 10. O-O
{[%clk 1:24:41]} Nf8 {[%clk 1:16:17]} 11. Nb3 {[%clk 1:23:31]} Bb6
{[%clk 1:15:15]} 12. Be3 {[%clk 1:23:44]} Ne6 {[%clk 1:13:04]} 13. c3
{[%clk 1:15:46]} Qf7 {[%clk 1:02:17]} 14. d4 {[%clk 1:10:42]} Qh5
{[%clk 1:00:42]} 15. Nbd2 {[%clk 1:00:52]} O-O {[%clk 0:54:06]} 16. Rfe1
{[%clk 0:56:11]} Nf4 {[%clk 0:42:57]} 17. Bxf4 {[%clk 0:56:06]} exf4
{[%clk 0:43:16]} 18. Nc4 {[%clk 0:46:22]} g5 {[%clk 0:38:48]} 19. Nh2
{[%clk 0:28:53]} Qg6 {[%clk 0:36:07]} 20. e5 {[%clk 0:26:58]} Bf5
{[%clk 0:34:11]} 21. exf6 {[%clk 0:25:22]} Rae8 {[%clk 0:31:11]} 22. Ne5
{[%clk 0:25:05]} Qxf6 {[%clk 0:31:03]} 23. Qh5 {[%clk 0:25:19]} Bg6
{[%clk 0:25:25]} 24. Nxg6 {[%clk 0:23:58]} hxg6 {[%clk 0:25:02]} 25. Qh6
{[%clk 0:19:46]} c5 {[%clk 0:22:54]} 26. Ng4 {[%clk 0:15:46]} Qf5
{[%clk 0:20:36]} 27. Re5 {[%clk 0:14:56]} Rxe5 {[%clk 0:20:14]} 28. dxe5
{[%clk 0:15:24]} c4 {[%clk 0:15:48]} 29. Nf6+ {[%clk 0:15:36]} Rxf6
{[%clk 0:16:10]} 30. exf6 {[%clk 0:16:00]} Qxf6 {[%clk 0:16:13]} 31. Rd1
{[%clk 0:12:29]} Bc5 {[%clk 0:08:21]} 32. Rd5 {[%clk 0:09:12]} Be7
{[%clk 0:07:18]} 33. Rxa5 {[%clk 0:08:50]} c6 {[%clk 0:04:08]} 34. Ra8+
{[%clk 0:05:37]} Bf8 {[%clk 0:04:36]} 35. Rxf8+ {[%clk 0:04:32]} Qxf8
{[%clk 0:04:57]} 36. Qxg6+ {[%clk 0:04:52]} Qg7 {[%clk 0:02:10]} 37. Qxg7+
{[%clk 0:04:33]} Kxg7 {[%clk 0:02:38]} 38. Kf1 {[%clk 0:04:08]} Kf6
{[%clk 0:02:07]} 39. Ke2 {[%clk 0:04:30]} Kf5 {[%clk 0:01:18]} 40. Kf3
{[%clk 0:34:59]} b5 {[%clk 0:31:04]} 41. g3 {[%clk 0:34:50]} fxg3
{[%clk 0:29:45]} 42. fxg3 {[%clk 0:35:11]} c5 {[%clk 0:30:01]} 43. h4
{[%clk 0:35:02]} g4+ {[%clk 0:29:49]} 44. Ke3 {[%clk 0:35:30]} Ke5
{[%clk 0:30:17]} 45. h5 {[%clk 0:35:49]} Kf5 {[%clk 0:30:35]} 46. h6
{[%clk 0:36:15]} Kg6 1-0

[Event "IMP Mezczyzn do lat 20"]
[Site "Chotowa"]
[Date "2023.10.31"]
[Round "2.11"]
[White "Kacprzak, Kacper"]
[Black "Labedz, Dawid"]
[Result "1-0"]
[BlackElo "1579"]
[WhiteElo "2250"]
[LiveChessVersion "1.4.8"]

1. e4 {[%clk 1:30:57]} c5 {[%clk 1:30:51]} 2. Nf3 {[%clk 1:31:21]} Nf6
{[%clk 1:31:05]} 3. e5 {[%clk 1:26:57]} Nd5 {[%clk 1:30:19]} 4. Nc3
{[%clk 1:27:19]} Nxc3 {[%clk 1:30:25]} 5. dxc3 {[%clk 1:27:45]} e6
{[%clk 1:29:52]} 6. Bf4 {[%clk 1:27:36]} Nc6 {[%clk 1:29:17]} 7. Qd2
{[%clk 1:19:46]} Qc7 {[%clk 1:28:10]} 8. O-O-O {[%clk 1:19:16]} a6
{[%clk 1:26:25]} 9. h4 {[%clk 1:18:51]} b5 {[%clk 1:25:46]} 10. h5
{[%clk 1:19:01]} h6 {[%clk 1:26:00]} 11. Bd3 {[%clk 1:01:54]} Bb7
{[%clk 1:23:04]} 12. Be4 {[%clk 1:00:57]} Ne7 {[%clk 1:20:40]} 13. Qe2
{[%clk 0:59:36]} c4 {[%clk 1:15:25]} 14. Rd4 {[%clk 0:42:56]} O-O-O
{[%clk 1:06:46]} 15. Kb1 {[%clk 0:40:03]} Bxe4 {[%clk 1:01:05]} 16. Qxe4
{[%clk 0:38:52]} Qc6 {[%clk 0:59:45]} 17. Qe2 {[%clk 0:33:38]} Nd5
{[%clk 0:56:48]} 18. Bc1 {[%clk 0:33:52]} Kb7 {[%clk 0:49:15]} 19. Rhd1
{[%clk 0:32:15]} Nb6 {[%clk 0:37:59]} 20. Rf4 {[%clk 0:28:32]} g6
{[%clk 0:23:51]} 21. Rxf7 {[%clk 0:26:31]} gxh5 {[%clk 0:23:22]} 22. Nd4
{[%clk 0:25:48]} Qd5 {[%clk 0:19:14]} 23. Qxh5 {[%clk 0:25:18]} Kc8
{[%clk 0:18:37]} 24. Nxe6 {[%clk 0:17:50]} Qxe6 {[%clk 0:13:08]} 25. Rf6
{[%clk 0:18:14]} Qe8 {[%clk 0:13:09]} 26. Qxe8 {[%clk 0:18:32]} Rxe8
{[%clk 0:13:37]} 27. Rxb6 {[%clk 0:18:55]} Re6 {[%clk 0:13:46]} 28. Rxe6
{[%clk 0:17:44]} dxe6 {[%clk 0:14:14]} 29. Be3 {[%clk 0:17:33]} Be7
{[%clk 0:13:29]} 30. b3 {[%clk 0:17:03]} cxb3 {[%clk 0:12:41]} 31. cxb3
{[%clk 0:17:31]} h5 {[%clk 0:12:41]} 32. g3 {[%clk 0:16:51]} h4 {[%clk 0:12:18]}
33. gxh4 {[%clk 0:17:20]} Rxh4 {[%clk 0:12:33]} 34. Kc2 {[%clk 0:10:59]} Re4
{[%clk 0:11:07]} 35. Bd4 {[%clk 0:11:21]} Re2+ {[%clk 0:08:11]} 36. Rd2
{[%clk 0:11:46]} Re1 {[%clk 0:08:27]} 37. Kd3 {[%clk 0:11:57]} Kc7
{[%clk 0:07:26]} 38. Re2 {[%clk 0:12:06]} Rh1 {[%clk 0:07:17]} 39. Ke4
{[%clk 0:09:25]} Rh4+ {[%clk 0:07:05]} 40. f4 {[%clk 0:39:36]} Bg5
{[%clk 0:36:14]} 41. Be3 {[%clk 0:40:02]} Bh6 {[%clk 0:36:08]} 42. c4
{[%clk 0:39:10]} Bf8 {[%clk 0:35:36]} 43. cxb5 {[%clk 0:39:10]} axb5
{[%clk 0:36:04]} 44. Rc2+ {[%clk 0:37:17]} Kd7 {[%clk 0:33:32]} 45. a4
{[%clk 0:36:41]} bxa4 {[%clk 0:33:30]} 46. bxa4 {[%clk 0:37:09]} Rh1
{[%clk 0:33:52]} 47. Ra2 {[%clk 0:36:35]} Re1 {[%clk 0:32:52]} 48. Kf3
{[%clk 0:36:13]} Rf1+ {[%clk 0:31:24]} 49. Bf2 {[%clk 0:35:57]} Bc5
{[%clk 0:27:56]} 50. Kg2 {[%clk 0:36:01]} Rc1 {[%clk 0:28:15]} 51. Bxc5
{[%clk 0:36:21]} Rxc5 {[%clk 0:28:43]} 52. a5 {[%clk 0:35:46]} Kc7
{[%clk 0:22:42]} 53. a6 {[%clk 0:36:04]} Kb8 {[%clk 0:23:06]} 54. a7+
{[%clk 0:36:30]} Ka8 {[%clk 0:23:17]} 55. Ra6 {[%clk 0:36:42]} Rc3
{[%clk 0:22:53]} 56. Kf2 {[%clk 0:36:46]} Rb3 {[%clk 0:23:02]} 57. Ke2
{[%clk 0:36:48]} Rc3 {[%clk 0:23:26]} 58. Rxe6 {[%clk 0:37:09]} Kxa7
{[%clk 0:23:45]} 59. Rd6 {[%clk 0:37:35]} Kb7 {[%clk 0:23:50]} 60. Rd3
{[%clk 0:37:59]} 1-0

[Event "IMP Mezczyzn do lat 20"]
[Site "Chotowa"]
[Date "2023.10.31"]
[Round "2.12"]
[White "Pniaczek, Marek"]
[Black "Czernek, Tymon"]
[Result "1/2-1/2"]
[BlackElo "2329"]
[WhiteElo "2143"]
[LiveChessVersion "1.4.8"]

1. e4 {[%clk 1:30:54]} c5 {[%clk 1:30:18]} 2. Nf3 {[%clk 1:31:20]} d6
{[%clk 1:30:46]} 3. Bb5+ {[%clk 1:31:46]} Nd7 {[%clk 1:31:07]} 4. O-O
{[%clk 1:32:11]} a6 {[%clk 1:31:17]} 5. Bd3 {[%clk 1:32:36]} b5 {[%clk 1:29:32]}
6. c3 {[%clk 1:31:32]} Bb7 {[%clk 1:29:39]} 7. Re1 {[%clk 1:31:40]} Ngf6
{[%clk 1:29:34]} 8. Bc2 {[%clk 1:30:52]} c4 {[%clk 1:28:46]} 9. a4
{[%clk 1:26:44]} e5 {[%clk 1:24:00]} 10. d4 {[%clk 1:24:14]} cxd3
{[%clk 1:21:03]} 11. Qxd3 {[%clk 1:24:22]} Nc5 {[%clk 1:14:36]} 12. Qe2
{[%clk 1:23:42]} bxa4 {[%clk 1:11:35]} 13. Be3 {[%clk 1:18:46]} Nfxe4
{[%clk 1:06:31]} 14. Nbd2 {[%clk 1:15:43]} Be7 {[%clk 0:59:10]} 15. Nxe4
{[%clk 1:07:56]} Nxe4 {[%clk 0:59:35]} 16. Bxa4+ {[%clk 0:53:49]} Kf8
{[%clk 0:59:59]} 17. Rad1 {[%clk 0:50:47]} Qc7 {[%clk 0:55:13]} 18. h4
{[%clk 0:44:51]} Nf6 {[%clk 0:52:01]} 19. h5 {[%clk 0:40:06]} h6 {[%clk 0:48:19]}
20. Nh4 {[%clk 0:39:14]} Bc8 {[%clk 0:47:16]} 21. Qf3 {[%clk 0:38:10]} d5
{[%clk 0:46:17]} 22. Nf5 {[%clk 0:32:20]} e4 {[%clk 0:45:39]} 23. Qg3
{[%clk 0:32:21]} Qxg3 {[%clk 0:44:48]} 24. Nxg3 {[%clk 0:32:48]} Be6
{[%clk 0:42:56]} 25. b4 {[%clk 0:30:41]} Kg8 {[%clk 0:39:08]} 26. Ra1
{[%clk 0:29:51]} Rc8 {[%clk 0:37:29]} 27. Bd4 {[%clk 0:29:38]} Kh7
{[%clk 0:36:00]} 28. Bc2 {[%clk 0:23:27]} Bxb4 {[%clk 0:27:29]} 29. Bxf6
{[%clk 0:23:27]} gxf6 {[%clk 0:27:48]} 30. Bxe4+ {[%clk 0:23:27]} dxe4
{[%clk 0:28:09]} 31. cxb4 {[%clk 0:23:54]} f5 {[%clk 0:26:30]} 32. Rxa6
{[%clk 0:24:03]} Rb8 {[%clk 0:24:51]} 33. Rb1 {[%clk 0:22:04]} Rhg8
{[%clk 0:25:11]} 34. Ra7 {[%clk 0:20:45]} Kg7 {[%clk 0:19:41]} 35. Ne2
{[%clk 0:19:43]} Kf6 {[%clk 0:20:03]} 36. Nf4 {[%clk 0:15:27]} Rb6
{[%clk 0:20:06]} 37. b5 {[%clk 0:02:50]} Rgb8 {[%clk 0:20:06]} 38. Nxe6
{[%clk 0:01:55]} Rxe6 {[%clk 0:14:02]} 39. Rc7 {[%clk 0:02:15]} Rbb6
{[%clk 0:13:13]} 40. Rc5 {[%clk 0:32:02]} Re5 {[%clk 0:41:15]} 41. Rxe5
{[%clk 0:30:22]} Kxe5 {[%clk 0:41:39]} 42. Kf1 {[%clk 0:28:51]} f4
{[%clk 0:41:56]} 43. Ke2 {[%clk 0:26:45]} f5 {[%clk 0:41:43]} 44. g3
{[%clk 0:22:47]} fxg3 {[%clk 0:39:25]} 45. fxg3 {[%clk 0:23:15]} Kd4
{[%clk 0:39:49]} 46. Rd1+ {[%clk 0:22:03]} Kc4 {[%clk 0:38:52]} 47. Rc1+
{[%clk 0:22:29]} Kxb5 {[%clk 0:37:38]} 48. Rb1+ {[%clk 0:18:05]} Kc5
{[%clk 0:38:03]} 49. Rxb6 {[%clk 0:18:33]} Kxb6 {[%clk 0:38:30]} 50. Ke3
{[%clk 0:18:59]} Kc5 {[%clk 0:38:56]} 51. g4 {[%clk 0:19:25]} fxg4
{[%clk 0:39:22]} 52. Kxe4 {[%clk 0:19:53]} Kd6 {[%clk 0:39:47]} 53. Kf4
{[%clk 0:20:20]} Kd5 {[%clk 0:40:05]} 54. Kxg4 {[%clk 0:20:48]} 1/2-1/2

[Event "IMP Mezczyzn do lat 20"]
[Site "Chotowa"]
[Date "2023.10.31"]
[Round "2.13"]
[White "Borowik, Wojciech"]
[Black "Golecki, Jan"]
[Result "1-0"]
[BlackElo "2183"]
[WhiteElo "1902"]
[LiveChessVersion "1.4.8"]

1. d4 {[%clk 1:30:44]} Nf6 {[%clk 1:28:51]} 2. c4 {[%clk 1:30:57]} e6
{[%clk 1:29:15]} 3. Nc3 {[%clk 1:30:36]} Bb4 {[%clk 1:29:21]} 4. e3
{[%clk 1:30:09]} O-O {[%clk 1:28:55]} 5. Bd3 {[%clk 1:30:28]} d5 {[%clk 1:28:58]}
6. Nf3 {[%clk 1:30:22]} c5 {[%clk 1:22:43]} 7. O-O {[%clk 1:29:23]} Nc6
{[%clk 1:13:30]} 8. a3 {[%clk 1:26:22]} Bxc3 {[%clk 1:13:49]} 9. bxc3
{[%clk 1:26:46]} dxc4 {[%clk 1:14:17]} 10. Bxc4 {[%clk 1:26:59]} Qc7
{[%clk 1:14:46]} 11. Bb2 {[%clk 1:09:57]} e5 {[%clk 1:10:40]} 12. h3
{[%clk 1:02:51]} Bf5 {[%clk 0:53:18]} 13. Rc1 {[%clk 0:58:29]} e4
{[%clk 0:51:12]} 14. Nd2 {[%clk 0:55:30]} Na5 {[%clk 0:48:54]} 15. Be2
{[%clk 0:53:02]} c4 {[%clk 0:49:05]} 16. a4 {[%clk 0:41:29]} Rfe8
{[%clk 0:46:11]} 17. Ba3 {[%clk 0:32:46]} a6 {[%clk 0:46:31]} 18. Rb1
{[%clk 0:25:41]} Rab8 {[%clk 0:41:16]} 19. Qc2 {[%clk 0:24:22]} Nd5
{[%clk 0:40:30]} 20. Bb4 {[%clk 0:15:49]} b5 {[%clk 0:40:50]} 21. axb5
{[%clk 0:16:13]} axb5 {[%clk 0:41:18]} 22. Bxa5 {[%clk 0:09:22]} Qxa5
{[%clk 0:41:44]} 23. Rfc1 {[%clk 0:09:47]} Qc7 {[%clk 0:37:59]} 24. Qb2
{[%clk 0:08:00]} Rb6 {[%clk 0:37:19]} 25. Nf1 {[%clk 0:06:37]} Bd7
{[%clk 0:35:10]} 26. Qd2 {[%clk 0:03:53]} Rg6 {[%clk 0:34:53]} 27. Bh5
{[%clk 0:03:10]} Rh6 {[%clk 0:27:18]} 28. Ng3 {[%clk 0:03:01]} g6
{[%clk 0:26:01]} 29. Bd1 {[%clk 0:02:00]} f5 {[%clk 0:26:12]} 30. Bc2
{[%clk 0:02:24]} g5 {[%clk 0:25:18]} 31. Ra1 {[%clk 0:02:04]} Rh4
{[%clk 0:22:07]} 32. Ra6 {[%clk 0:01:32]} g4 {[%clk 0:14:52]} 33. hxg4
{[%clk 0:01:37]} Rxg4 {[%clk 0:15:18]} 34. Rca1 {[%clk 0:01:03]} Rxg3
{[%clk 0:09:36]} 35. Ra7 {[%clk 0:00:53]} Qd6 {[%clk 0:04:40]} 36. fxg3
{[%clk 0:00:54]} Re6 {[%clk 0:05:00]} 37. g4 {[%clk 0:00:35]} fxg4
{[%clk 0:04:24]} 38. R1a6 {[%clk 0:00:34]} Qe7 {[%clk 0:01:09]} 39. Rxe6
{[%clk 0:00:39]} Qxe6 {[%clk 0:01:38]} 40. Bxe4 {[%clk 0:30:34]} Qxe4
{[%clk 0:31:05]} 41. Rxd7 {[%clk 0:26:26]} Nxe3 {[%clk 0:22:12]} 42. Rd8+
{[%clk 0:11:10]} Kg7 {[%clk 0:16:54]} 43. Rb8 {[%clk 0:07:48]} Qf4
{[%clk 0:00:50]} 44. Rb7+ {[%clk 0:06:56]} Kg8 {[%clk 0:00:47]} 45. Qe2
{[%clk 0:03:53]} h5 {[%clk 0:00:39]} 46. Rxb5 {[%clk 0:02:14]} Nf5
{[%clk 0:00:34]} 47. Qe6+ {[%clk 0:01:55]} Kg7 {[%clk 0:01:00]} 48. Rb7+
{[%clk 0:01:58]} 1-0

[Event "IMP Mezczyzn do lat 20"]
[Site "Chotowa"]
[Date "2023.10.31"]
[Round "2.14"]
[White "Marciniak, Leonard"]
[Black "Zalega, Maciej"]
[Result "0-1"]
[BlackElo "2155"]
[WhiteElo "1856"]
[LiveChessVersion "1.4.8"]

1. d4 {[%clk 1:30:57]} Nf6 {[%clk 1:30:57]} 2. c4 {[%clk 1:31:23]} g6
{[%clk 1:31:24]} 3. d5 {[%clk 1:31:48]} Bg7 {[%clk 1:30:26]} 4. Nc3
{[%clk 1:31:52]} c6 {[%clk 1:28:27]} 5. e4 {[%clk 1:32:11]} d6 {[%clk 1:27:58]}
6. Nf3 {[%clk 1:31:58]} O-O {[%clk 1:27:21]} 7. h3 {[%clk 1:26:30]} cxd5
{[%clk 1:26:07]} 8. cxd5 {[%clk 1:26:36]} e6 {[%clk 1:20:48]} 9. Be2
{[%clk 1:25:26]} exd5 {[%clk 1:19:00]} 10. exd5 {[%clk 1:25:37]} Bf5
{[%clk 1:13:16]} 11. O-O {[%clk 1:22:09]} Ne4 {[%clk 1:06:06]} 12. Nd4
{[%clk 1:16:40]} Nd7 {[%clk 0:40:29]} 13. Be3 {[%clk 0:55:56]} Nb6
{[%clk 0:24:47]} 14. Qb3 {[%clk 0:49:36]} Bxd4 {[%clk 0:20:28]} 15. Bxd4
{[%clk 0:49:28]} Nd2 {[%clk 0:20:37]} 16. Qb4 {[%clk 0:43:53]} Nxf1
{[%clk 0:20:45]} 17. Bxf1 {[%clk 0:43:45]} Rc8 {[%clk 0:13:32]} 18. a4
{[%clk 0:44:13]} Na8 {[%clk 0:01:52]} 19. Nb5 {[%clk 0:38:02]} a5
{[%clk 0:00:42]} 20. Qa3 {[%clk 0:38:19]} Qh4 {[%clk 0:00:50]} 21. g3
{[%clk 0:31:11]} Qg5 {[%clk 0:00:32]} 22. f4 {[%clk 0:24:50]} Qh5
{[%clk 0:00:49]} 23. Qxd6 {[%clk 0:22:21]} f6 {[%clk 0:01:16]} 24. g4
{[%clk 0:17:21]} Bxg4 {[%clk 0:01:29]} 25. hxg4 {[%clk 0:17:44]} Qxg4+
{[%clk 0:01:56]} 26. Bg2 {[%clk 0:17:38]} Rce8 {[%clk 0:02:22]} 27. Nc3
{[%clk 0:16:09]} h5 {[%clk 0:02:21]} 28. Kh2 {[%clk 0:10:13]} Rd8
{[%clk 0:01:26]} 29. Qc5 {[%clk 0:06:55]} Qxf4+ {[%clk 0:01:38]} 30. Kg1
{[%clk 0:06:29]} Rde8 {[%clk 0:00:38]} 31. d6 {[%clk 0:05:00]} h4
{[%clk 0:00:33]} 32. Rf1 {[%clk 0:03:40]} Qg4 {[%clk 0:00:42]} 33. Qd5+
{[%clk 0:02:35]} Kg7 {[%clk 0:00:35]} 34. d7 {[%clk 0:01:32]} Rd8
{[%clk 0:00:35]} 35. Qe4 {[%clk 0:01:26]} Qxd7 {[%clk 0:00:47]} 36. Bc5
{[%clk 0:01:15]} Rfe8 {[%clk 0:00:35]} 37. Qxb7 {[%clk 0:01:05]} Nc7
{[%clk 0:00:37]} 38. Qf3 {[%clk 0:01:01]} Qf7 {[%clk 0:00:39]} 39. Ne4
{[%clk 0:00:52]} Nd5 {[%clk 0:00:36]} 40. Nd6 {[%clk 0:30:45]} Rxd6
{[%clk 0:30:51]} 41. Bxd6 {[%clk 0:30:44]} Ne3 {[%clk 0:29:01]} 42. Rf2
{[%clk 0:26:03]} Qe6 {[%clk 0:27:36]} 43. Bc5 {[%clk 0:22:11]} Nxg2
{[%clk 0:24:16]} 44. Kxg2 {[%clk 0:18:54]} Qe5 {[%clk 0:24:39]} 45. Qc3
{[%clk 0:13:36]} h3+ {[%clk 0:18:01]} 46. Kh1 {[%clk 0:09:00]} Qe4+
{[%clk 0:06:38]} 47. Qf3 {[%clk 0:08:29]} g5 {[%clk 0:07:05]} 48. Qxe4
{[%clk 0:06:59]} Rxe4 {[%clk 0:07:34]} 49. b3 {[%clk 0:06:27]} g4
{[%clk 0:07:59]} 50. Kh2 {[%clk 0:06:42]} Kg6 {[%clk 0:07:51]} 51. Bb6
{[%clk 0:05:33]} Re5 {[%clk 0:00:54]} 52. Bd4 {[%clk 0:05:48]} Re6
{[%clk 0:01:21]} 53. Rf4 {[%clk 0:02:13]} f5 {[%clk 0:00:53]} 54. Bc3
{[%clk 0:01:59]} Re2+ {[%clk 0:00:41]} 55. Kh1 {[%clk 0:01:41]} g3
{[%clk 0:00:46]} 56. Rf3 {[%clk 0:01:53]} Rh2+ {[%clk 0:00:49]} 57. Kg1
{[%clk 0:02:17]} Rg2+ {[%clk 0:01:17]} 58. Kh1 {[%clk 0:02:39]} Kg5
{[%clk 0:01:27]} 59. Be5 {[%clk 0:02:20]} f4 {[%clk 0:01:04]} 60. Bxf4+
{[%clk 0:01:38]} Kg4 {[%clk 0:01:29]} 61. Rxg3+ {[%clk 0:01:16]} Rxg3
{[%clk 0:01:53]} 62. Bxg3 {[%clk 0:01:39]} Kxg3 {[%clk 0:02:22]} 63. Kg1
{[%clk 0:02:02]} h2+ {[%clk 0:02:49]} 64. Kh1 {[%clk 0:02:25]} Kh3
{[%clk 0:03:16]} 65. b4 {[%clk 0:02:51]} axb4 {[%clk 0:03:43]} 66. a5
{[%clk 0:03:19]} b3 {[%clk 0:04:08]} 67. a6 {[%clk 0:03:45]} b2 {[%clk 0:04:36]}
0-1